Store Wars : (Record no. 195538)

MARC details
000 -LEADER
campo de control de longitud fija 02215nam a2200373 i 4500
001 - NÚMERO DE CONTROL
campo de control 195538
003 - IDENTIFICADOR DE NÚMERO DE CONTROL
campo de control ES-MaACL
005 - FECHA Y HORA DE LA ÚLTIMA TRANSACCIÓN
campo de control 20250901102219.0
008 - DATOS DE LONGITUD FIJA--INFORMACIÓN GENERAL
campo de control de longitud fija 240619s1995 enk b 001 u eng d
020 ## - NÚMERO INTERNACIONAL ESTÁNDAR DEL LIBRO
Número Internacional Estándar del Libro 0471950815
040 ## - FUENTE DE CATALOGACIÓN
Centro catalogador/agencia de origen DEUSTO.
Lengua de catalogación spa
Centro/agencia transcriptor ES-MaACL
Centro/agencia modificador ES-MaACL
080 ## - NÚMERO DE LA CLASIFICACIÓN DECIMAL UNIVERSAL
Número de la Clasificación Decimal Universal 658.87
100 1# - ENTRADA PRINCIPAL--NOMBRE DE PERSONA
Nombre de persona Corstjens, Judith
9 (RLIN) 237161
Término indicativo de función/relación Autor
245 10 - MENCIÓN DEL TÍTULO
Título Store Wars :
Resto del título the Battle for Mindspace and Dhelfspace /
Mención de responsabilidad, etc. Judith Corstjens and Marcel Corstjens.
260 ## - PUBLICACIÓN, DISTRIBUCIÓN, ETC.
Lugar de publicación, distribución, etc. Chichester [etc.] :
Nombre del editor, distribuidor, etc. John Wiley & Sons,
Fecha de publicación, distribución, etc. 1995.
300 ## - DESCRIPCIÓN FÍSICA
Extensión IX, 303 páginas ;
Dimensiones 24 cm
336 ## - TIPO DE CONTENIDO
Fuente rdacontent
Término de tipo de contenido texto
337 ## - TIPO DE MEDIO
Fuente rdamedia
Nombre/término del tipo de medio sin mediación
338 ## - TIPO DE SOPORTE
Fuente rdacarrier
Nombre/término del tipo de soporte volumen
504 ## - NOTA DE BIBLIOGRAFÍA, ETC.
Nota de bibliografía, etc. Bibliografía. Índice
520 ## - RESUMEN, ETC.
Sumario, etc. Store Wars The battle for mindspace and shelfspace Judith Corstjens, Arrow Consultancy, Bois--le--Rois, France and Marcel Corstjens, Professor of Marketing Insead, Fontainebleau, France Fast moving consumer goods (FMCG) marketing has become a struggle between manufacturers and retailers for control of Mindspace and Shelfspace. Partnership is seen as an Indian wrestling match between manufacturers and retailers: co--operation can only be gained from a position of strength. Marketing for FMCG manufacturers now involves understanding retailers, their business and marketing strategies, their strengths and their limitations. The major aim of modern marketing is to affect the balance of power between retailers and their suppliers. Store Wars sets out to equip the reader to thrive in this climate.
650 #7 - PUNTO DE ACCESO ADICIONAL DE MATERIA--TÉRMINO DE MATERIA
Término de materia o nombre geográfico como elemento de entrada Comercio al por menor
Fuente del encabezamiento o término embne
9 (RLIN) 11164
650 #7 - PUNTO DE ACCESO ADICIONAL DE MATERIA--TÉRMINO DE MATERIA
Término de materia o nombre geográfico como elemento de entrada Merchandising
9 (RLIN) 165267
700 1# - ENTRADA AGREGADA--NOMBRE PERSONAL
Nombre de persona Corstjens, Marcel
9 (RLIN) 237162
Término indicativo de función/relación Autor
767 0# - ENLACE A UNA TRADUCCIÓN
Encabezamiento principal Corstjens, Judith.
Título Batalla en el punto de venta.
Número Internacional Estándar del Libro 8423414272.
Número de control del registro (UDE)471657
852 ## - LOCALIZACIÓN
Ubicación ES-MaACL
Ubicación en estantería Depósito J
Número de control de estantería N-10045
Donativo/Legado Donación: Helena de la Joya
Encuadernación Encuadernación rústica
itemnumber 206192
903 ## - NOMBRE PERSONAL DE DONANTE
a Joya, Helena de la
e Donante
942 ## - ELEMENTOS DE ENTRADA SECUNDARIOS (KOHA)
Tipo de ítem Koha Libro impreso
Suprimir en OPAC No
Holdings
Estatus retirado Estado de pérdida Fuente del sistema de clasificación o colocación Estado de daño No para préstamo Biblioteca de origen Biblioteca actual Ubicación en estantería Fecha de adquisición Fuente de adquisición Total de préstamos Signatura topográfica completa Código de barras Visto por última vez Precio de reemplazo Tipo de ítem Koha
    Clasificación decimal universal     Biblioteca del Ateneo de Madrid Biblioteca del Ateneo de Madrid Depósito J 10/07/2025 Donación   N-10045 2025-0583 10/07/2025 10/07/2025 Libro impreso